[Event "EU-ch U12 31st"]
[Site "Mamaia"]
[Date "2023.08.09"]
[Round "5"]
[White "Rozanski, Mateusz"]
[Black "Alieksieienko, Mykhail"]
[Result "0-1"]
[WhiteElo "2111"]
[BlackElo "1688"]
[PlyCount "94"]
[EventDate "2023.09.05"]
[EventType "swiss"]
[EventRounds "9"]
[EventCountry "ROU"]
[SourceTitle "EXT 2024"]
[Source "ChessBase"]
[SourceDate "2023.10.10"]
[SourceVersion "1"]
[SourceVersionDate "2023.10.10"]
[SourceQuality "1"]

1. e4 c6 2. Nc3 d5 3. Nf3 Bg4 4. Be2 Bxf3 5. Bxf3 e6 6. d4 dxe4 7. Nxe4 Nf6 8. Nxf6+ Qxf6 9. c3 Bd6 10. Qb3 Qe7 11. Bg5 Qc7 12. a4 a5 13. g3 Nd7 14. 0-0 h6 15. Bd2 0-0 16. Bg2 Qb6 17. Qc2 Nf6 18. Rad1 Rad8 19. h3 Qc7 20. g4 Bf4 21. Be3 b6 22. Qc1 Nd5 23. c4 Nxe3 24. fxe3 Bg5 25. Qc3 Rfe8 26. Kh1 c5 27. d5 exd5 28. Bxd5 Rxd5 29. cxd5 Rxe3 30. d6 Qc6+ 31. Kg1 Rxc3 32. bxc3 Qd7 33. Rfe1 Kf8 34. Rd3 Bf4 35. Re7 Qd8 36. Rc7 Bxd6 37. Rc6 Bh2+ 38. Kxh2 Qxd3 39. Rxc5 bxc5 40. g5 h5 41. g6 Qxc3 42. gxf7 Qd3 43. h4 c4 44. Kg2 c3 45. Kf2 c2 46. Kg1 c1Q+ 47. Kh2 Qcd2+ 0-1